Tác phẩm văn học được giải thưởng Hồ Chí Minh Quyển 1 Q. 1

Bewaard in:
Bibliografische gegevens
Hoofdauteur: Nguyên Hồng
Andere auteurs: Nguyễn Cừ (chỉ đạo & tổ chức bản thảo), Tuấn Thành (tuyển soạn)
Formaat: Boek
Taal:Vietnamese
Gepubliceerd in: H. Văn học 2005
Onderwerpen:
Tags: Voeg label toe
Geen labels, Wees de eerste die dit record labelt!
Thư viện lưu trữ: Mạng thư viện Đại học Đà Nẵng
LEADER 01397nam a2200373 4500
001 000005852
003 2005
005 20120514080533.0
008 110823s2005 viesd
020 |c 000đ 
041 0 |a vie 
082 |a 895.9223  |b NG-H 
100 0 |a Nguyên Hồng 
245 1 0 |a Tác phẩm văn học được giải thưởng Hồ Chí Minh  |b Quyển 1  |c Nguyên Hồng ; Nguyễn Cừ chỉ đạo & tổ chức bản thảo ; tuyển soạn Tuấn Thành...  |n Q. 1 
260 |a H.  |b Văn học  |c 2005 
300 |a 1366 tr  |c 21 cm 
653 |a Tác phẩm văn học 
653 |a Việt Nam 
653 |a Truyện ngắn 
653 |a Tiểu thuyết 
700 |a Nguyễn Cừ  |e chỉ đạo & tổ chức bản thảo 
700 |a Tuấn Thành  |e tuyển soạn 
773 |t Tác phẩm văn học được giải thưởng Hồ Chí Minh  |w 2004 
910 |a Nguyễn Thị Kim Oanh  |d 23/08/2011 
OWN |a LSP 
AVA |a UDN50  |b LSP  |d 895.9223 NG-H  |e available  |t Error 5001 Not defined in file expand_doc_bib_avail.  |f 3  |g 0  |h N  |i 0  |k 1 
999 |a From the UDN01 
AVA |a UDN50  |b LSP  |d 895.9223 NG-H  |e available  |t Error 5001 Not defined in file expand_doc_bib_avail.  |f 3  |g 0  |h N  |i 0  |k 1 
TYP |a Monograph 
TYP |a Printed language 
980 |a Mạng thư viện Đại học Đà Nẵng